• 首页
  • 本馆介绍
  • 公告通知
  • 最新文献
  • 馆藏检索
  • 电子资源
  • 读者导购
  • 参考咨询
  • 我的图书馆
  • 登录
  • 详细信息显示
  • 放入我的书架
  • 预约/预借图书
  • 作者相关作品
  • 分类相关作品
  • 丛书相关作品
  • 出版社相关作品

书目信息

  • 表格格式
  • 工作单格式
  • 卡片格式
题名:
法国故事
    
 
作者: 许婷 , 聂晓阳 编著
分册:  
出版信息: 太原   山西教育出版社  2015
页数: 223页
开本: 22cm
丛书名:
单 册:
中图分类: K565.09
科图分类:
主题词:
电子资源:
ISBN: 978-7-5440-7662-3
000 00777nam0 2200229 450
001 3348
005 20180527151544.46
010    @a978-7-5440-7662-3@dCNY18.00
100    @a20151126d2015 em y0chiy0110 ea
101 0  @achi
102    @aCN@b140000
105    @ay z 000yy
200 1  @a法国故事@9fa guo gu shi@f许婷,聂晓阳编著
210    @a太原@c山西教育出版社@d2015
215    @a223页@d22cm
330    @a本书“故事汇”形式梳理法国往事,探析其中纷繁奥秘。内容包括:茹毛饮血的史前时代、法兰克王国的建立、查理大帝的前世今生、十字军东征、英法百年战争、宗教改革、悲剧君王等。
607    @a法国@x历史@j通俗读物
690    @aK565.09@v5
701  0 @a许婷@9xu ting@4编著
701  0 @a聂晓阳@9nie xiao yang@4编著
801  0 @aCN@b91MARC@c20151126
905    @aMuseLib@dK565.09@e59
    
    法国故事/许婷,聂晓阳编著.-太原:山西教育出版社,2015
    223页;22cm
    
    
    ISBN 978-7-5440-7662-3:CNY18.00
    本书“故事汇”形式梳理法国往事,探析其中纷繁奥秘。内容包括:茹毛饮血的史前时代、法兰克王国的建立、查理大帝的前世今生、十字军东征、英法百年战争、宗教改革、悲剧君王等。
●
相关链接 在E读中查询图书 在五车中查询图书 在当当中查询图书 在豆瓣中查询图书


正题名:法国故事     索取号:K565.09/59         预约/预借

序号 登录号 条形码 馆藏地/架位号 状态 备注
1 1108850   211088507   第二样本阅览室/ [索取号:K565.09/59] 在馆    
2 1108851   211088516   教育系资料室/ [索取号:K565.09/59] 在馆    
3 1108852   211088525   教育系资料室/ [索取号:K565.09/59] 在馆    
4 1108853   211088534   第二借阅区/ [索取号:K565.09/59] 在馆    
唐山师范学院图书馆 欢迎您!
大连网信软件有限公司© 版权所有